000 00714nam a2200217 a 4500
999 _c1178
_d1178
001 1178
003 BD-JhCC
005 20171016153623.0
008 171016s1992 b ||||| |||| 00| 0 b d
035 _a(BD-JhCC)1178
040 _aBD-JhCC
_dBD-JhCC
041 _aben
082 _223
_a891.4435
_bCHA 1992
100 _aচৌধুরী, ইসলাম, সিরাজুল
245 _aউদ্যানে এবং উদ্যানের বাইরে /
_cসিরাজুল ইসলাম চৌধুরী
260 _aঢাকা :
_bবিদ্যাপ্রকাশ,
_c১৯৯২
300 _a134 p. :
_c22cm.
650 _aShort Stories
942 _2ddc
_cBK